The noble scholar, jurist, historian


 His Excellency Dr. Abdul Wahhab bin Ibrahim Abu Sulaiman, may Allah have mercy on him.


 He was born in Umm Al-Qura in the year 1356 AH.

فيض العباب وإفاضة قداح الآداب في الحركة السعيدة إلى قسنطينة والزاب / (Record no. 4308)

MARC details
000 -LEADER
fixed length control field 01493cam a2200301 i 4500
003 - CONTROL NUMBER IDENTIFIER
control field SA-RiAUC
005 - DATE AND TIME OF LATEST TRANSACTION
control field 20250102050534.0
008 - FIXED-LENGTH DATA ELEMENTS--GENERAL INFORMATION
fixed length control field 250101s1990 le g b 00110 ara c
040 ## - CATALOGING SOURCE
Original cataloging agency SA-AhKFU
Language of cataloging ara
Transcribing agency SA-RiAUC
Description conventions rda
082 04 - DEWEY DECIMAL CLASSIFICATION NUMBER
Classification number 953.07
090 ## - LOCALLY ASSIGNED LC-TYPE CALL NUMBER (OCLC); LOCAL CALL NUMBER (RLIN)
Classification number (OCLC) (R) ; Classification number, CALL (RLIN) (NR) 953.07
Local cutter number (OCLC) ; Book number/undivided call number, CALL (RLIN) ا ب ن ح
100 1# - MAIN ENTRY--PERSONAL NAME
Personal name ابن الحاج، إبراهيم بن عبد الله بن إبراهيم،
Dates associated with a name 713-768 هجري
Relator term مؤلف.
245 10 - TITLE STATEMENT
Title فيض العباب وإفاضة قداح الآداب في الحركة السعيدة إلى قسنطينة والزاب /
Statement of responsibility, etc. ابن الحاج النميري ؛ دراسة وإعداد محمد بن شقرون.
250 ## - EDITION STATEMENT
Edition statement الطبعة الأولى.
264 #1 - PRODUCTION, PUBLICATION, DISTRIBUTION, MANUFACTURE, AND COPYRIGHT NOTICE
Place of production, publication, distribution, manufacture بيروت :
Name of producer, publisher, distributor, manufacturer دار الغرب الإسلامي،
Date of production, publication, distribution, manufacture, or copyright notice 1990
300 ## - PHYSICAL DESCRIPTION
Extent 537 صفحة ؛
Dimensions 26 سم
336 ## - CONTENT TYPE
Content type term نص
Content type code txt
Source rdacontent
Materials specified كتاب
337 ## - MEDIA TYPE
Media type term بدون وسيط
Media type code n
Source rdamedia
338 ## - CARRIER TYPE
Carrier type term مجلد
Carrier type code nc
Source rdacarrier
500 ## - GENERAL NOTE
General note مصدر جديد من مصادر تاريخ المغرب الأدبي والحضاري في العصر المريني.
500 ## - GENERAL NOTE
General note يشتمل على كشافات.
504 ## - BIBLIOGRAPHY, ETC. NOTE
Bibliography, etc. note ببليوجرافية : صفحة 509-512.
650 #7 - SUBJECT ADDED ENTRY--TOPICAL TERM
Topical term or geographic name entry element الأدب العربي
Geographic subdivision المغرب
General subdivision تاريخ ونقد
Chronological subdivision المرينيون، 1269-1465
Source of heading or term aucsh
651 #7 - SUBJECT ADDED ENTRY--GEOGRAPHIC NAME
Geographic name المغرب العربي
General subdivision تاريخ
Chronological subdivision المرينيون، 1269-1465
Source of heading or term aucsh
700 1# - ADDED ENTRY--PERSONAL NAME
Personal name بنشقرون، محمد،
Dates associated with a name 1945-
Relator term معد.
942 ## - ADDED ENTRY ELEMENTS (KOHA)
Source of classification or shelving scheme Dewey Decimal Classification
Koha item type Books
Suppress in OPAC No
949 ## - LOCAL PROCESSING INFORMATION (OCLC)
a SA-JeALM
d 250101
u osman123
n 1
Holdings
Withdrawn status Lost status Source of classification or shelving scheme Damaged status Not for loan Home library Current library Date acquired Total checkouts Full call number Barcode Date last seen Price effective from Koha item type
    Dewey Decimal Classification     DR AbdElwahab Library DR AbdElwahab Library 01/02/2025   953.07 ا ب ن ح 000006631 01/02/2025 01/02/2025 Books